[Event "Mittelfrank Regionalliga Nord-Ost 2223"]
[Site "Mittelfranken"]
[Date "2022.10.09"]
[Round "1.2"]
[White "Egger, Thomas"]
[Black "Bunk, Karsten"]
[Result "0-1"]
[WhiteElo "2107"]
[BlackElo "2009"]
[PlyCount "82"]
[EventDate "2022.10.09"]
[EventType "team-tourn"]
[EventRounds "9"]
[EventCountry "GER"]
[SourceTitle "EXT 2024"]
[Source "ChessBase"]
[SourceDate "2023.10.10"]
[SourceVersion "1"]
[SourceVersionDate "2023.10.10"]
[SourceQuality "1"]
[WhiteTeam "Buechenbach/Roth"]
[BlackTeam "Nuernberg Sued SW II"]
[WhiteTeamCountry "GER"]
[BlackTeamCountry "GER"]

1. Nf3 Nf6 2. c4 g6 3. g3 c5 4. d4 cxd4 5. Nxd4 Nc6 6. Bg2 Bg7 7. Nc3 0-0 8. 0-0 Nxd4 9. Qxd4 d6 10. Qd3 Qa5 11. h3 Bf5 12. e4 Be6 13. Bd2 Qc7 14. b3 a6 15. Rac1 h5 16. f4 Rfd8 17. Qe2 Kh7 18. f5 Bd7 19. g4 hxg4 20. hxg4 Rh8 21. Bf3 Qc5+ 22. Kg2 Kg8 23. Bf4 Bc6 24. Nd5 Bxd5 25. cxd5 Qa5 26. Rc4 Nd7 27. Qc2 Be5 28. Bxe5 Nxe5 29. Rc7 Kg7 30. Rxe7 Rac8 31. Qb2 Qd8 32. f6+ Kxf6 33. Rxe5 dxe5 34. Be2+ Kg7 35. Qxe5+ f6 36. Qg3 Rc2 37. Rf2 Qe7 38. g5 Qxe4+ 39. Bf3 Rxf2+ 40. Qxf2 Qf5 41. gxf6+ Kxf6 0-1

[Event "Mittelfranken Landesliga Nord 2122"]
[Site "Mittelfranken"]
[Date "2022.04.03"]
[Round "7.8"]
[White "Sattler, Stefan"]
[Black "Bunk, Karsten"]
[Result "1/2-1/2"]
[WhiteElo "2076"]
[BlackElo "2005"]
[PlyCount "90"]
[EventDate "2021.10.24"]
[EventType "team-tourn"]
[EventRounds "9"]
[EventCountry "GER"]
[SourceTitle "EXT 2024"]
[Source "ChessBase"]
[SourceDate "2023.10.10"]
[SourceVersion "1"]
[SourceVersionDate "2023.10.10"]
[SourceQuality "1"]
[WhiteTeam "Herzogenaurach"]
[BlackTeam "Nuernberg SW"]
[WhiteTeamCountry "GER"]
[BlackTeamCountry "GER"]

1. e4 g6 2. d4 Bg7 3. Nf3 d6 4. Bc4 a6 5. a4 Nc6 6. h3 Nf6 7. Nc3 0-0 8. 0-0 Nxe4 9. Nxe4 d5 10. Bxd5 Qxd5 11. Nc3 Qc4 12. Ne2 Bf5 13. c3 Na5 14. Bf4 Rad8 15. Re1 Rd7 16. Ng3 Nc6 17. Nxf5 gxf5 18. Re3 Qd5 19. Qc2 e6 20. Rae1 Kh8 21. R1e2 Rg8 22. Kf1 Bf6 23. b3 b5 24. axb5 Qxb5 25. Ne5 Nxe5 26. Bxe5 Bxe5 27. Rxe5 Qb7 28. f3 Qc6 29. Qd3 Rd5 30. b4 Rxe5 31. Rxe5 Qd6 32. Qe2 Rb8 33. Ra5 Rb6 34. Qe5+ Qxe5 35. Rxe5 Rc6 36. Re3 f4 37. Rd3 Kg7 38. Ke2 Kf6 39. Kd2 Kf5 40. Kc2 f6 41. d5 Rd6 42. dxe6 Kxe6 43. Rd4 Rd5 44. Rxf4 Rg5 45. g4 Re5 1/2-1/2

[Event "Regionalliga Nord-Ost 1819"]
[Site "Bayern"]
[Date "2018.11.25"]
[Round "3.2"]
[White "Kalous, Miroslav"]
[Black "Bunk, Karsten"]
[Result "0-1"]
[WhiteElo "1984"]
[BlackElo "2040"]
[PlyCount "104"]
[EventDate "2018.10.21"]
[EventType "team-tourn"]
[EventRounds "9"]
[EventCountry "GER"]
[SourceTitle "EXT 2022"]
[Source "ChessBase"]
[SourceDate "2021.10.06"]
[SourceVersion "1"]
[SourceVersionDate "2021.10.06"]
[SourceQuality "1"]
[WhiteTeam "Windischeschenbach"]
[BlackTeam "Nuernberg Sued SW II"]
[WhiteTeamCountry "GER"]
[BlackTeamCountry "GER"]

1. d4 g6 2. Nf3 Bg7 3. g3 b6 4. Bg2 Bb7 5. 0-0 e6 6. Nbd2 Ne7 7. e4 d6 8. Re1 0-0 9. c3 Nd7 10. a4 a6 11. Qe2 c5 12. Nc4 Qc7 13. Bf4 e5 14. dxe5 dxe5 15. Bc1 Rfd8 16. Nfd2 Nf8 17. a5 b5 18. Nb6 Rab8 19. c4 Ne6 20. Nb3 Bc6 21. Nd5 Bxd5 22. exd5 Nd4 23. Nxd4 cxd4 24. b3 Qc5 25. Ba3 b4 26. Bb2 Nf5 27. Kh1 Re8 28. Bh3 Nd6 29. f3 f5 30. Qf2 Rf8 31. Qd2 h6 32. Bg2 Kh7 33. Ra4 Rfe8 34. Rd1 Bf6 35. Bc1 Bg5 36. Qf2 Bxc1 37. Rxc1 Rb7 38. h3 e4 39. f4 e3 40. Qe2 d3 41. Qxd3 e2 42. Qd2 Qe3 43. Qxe3 Rxe3 44. Re1 Rxb3 45. c5 Ra3 46. cxd6 Rxa4 47. Rxe2 Kg7 48. Re7+ Rxe7 49. dxe7 Kf7 50. d6 Ra1+ 51. Kh2 Ra2 52. Kg1 Rxg2+ 0-1

[Event "Regionalliga Nord-Ost 1819"]
[Site "Bayern"]
[Date "2018.10.21"]
[Round "1.2"]
[White "Ammon, Tobias"]
[Black "Bunk, Karsten"]
[Result "1/2-1/2"]
[WhiteElo "2120"]
[BlackElo "2040"]
[PlyCount "104"]
[EventDate "2018.10.21"]
[EventType "team-tourn"]
[EventRounds "9"]
[EventCountry "GER"]
[SourceTitle "EXT 2022"]
[Source "ChessBase"]
[SourceDate "2021.10.06"]
[SourceVersion "1"]
[SourceVersionDate "2021.10.06"]
[SourceQuality "1"]
[WhiteTeam "Altensittenbach"]
[BlackTeam "Nuernberg Sued SW II"]
[WhiteTeamCountry "GER"]
[BlackTeamCountry "GER"]

1. e4 d6 2. d4 Nf6 3. Nc3 e5 4. dxe5 dxe5 5. Qxd8+ Kxd8 6. Bg5 Be6 7. g3 c6 8. f4 h6 9. 0-0-0+ Ke8 10. Bxf6 gxf6 11. f5 Bc8 12. a4 b6 13. Nf3 Ba6 14. Nd2 Bc5 15. Nb3 Be3+ 16. Kb1 Ke7 17. Bd3 Rd8 18. Rhe1 Bf2 19. Rf1 Bxd3 20. Rxd3 Bd4 21. Ne2 c5 22. Nd2 Nc6 23. Nc4 Na5 24. b3 Nxc4 25. bxc4 b5 26. axb5 a6 27. Nxd4 cxd4 28. Rb3 axb5 29. Rxb5 Rdb8 30. Rb3 Kd6 31. Kb2 Kc5 32. Ra1 Kxc4 33. Rxa8 Rxa8 34. Rb7 d3 35. cxd3+ Kxd3 36. Rxf7 Ra6 37. Re7 Rc6 38. Re6 Rc2+ 39. Kb1 Rxh2 40. Rxf6 Kxe4 41. g4 h5 42. Rh6 Rg2 43. Rxh5 Rxg4 44. Kc2 Rg2+ 45. Kd1 Rf2 46. Ke1 Rxf5 47. Rh8 Kf3 48. Rh3+ Kf4 49. Ke2 e4 50. Rh8 Ke5 51. Re8+ Kd4 52. Rd8+ Ke5 1/2-1/2

[Event "Landesliga Nord 1718"]
[Site "Bayern"]
[Date "2018.02.25"]
[Round "7.4"]
[White "Bunk, Karsten"]
[Black "Goldbeck, Lars"]
[Result "0-1"]
[WhiteElo "2036"]
[BlackElo "2139"]
[PlyCount "80"]
[EventDate "2017.10.22"]
[EventType "team-tourn"]
[EventRounds "9"]
[EventCountry "GER"]
[SourceTitle "EXT 2022"]
[Source "ChessBase"]
[SourceDate "2021.10.06"]
[SourceVersion "1"]
[SourceVersionDate "2021.10.06"]
[SourceQuality "1"]
[WhiteTeam "Nuernberg Sued SW"]
[BlackTeam "Regensburg Bavaria"]
[WhiteTeamCountry "GER"]
[BlackTeamCountry "GER"]

1. c4 c5 2. g3 Nc6 3. Bg2 g6 4. Nc3 Bg7 5. Nf3 e6 6. d3 Nge7 7. Bg5 d6 8. 0-0 h6 9. Bd2 b6 10. a3 Bb7 11. Rb1 Qd7 12. b4 0-0 13. Qc1 Kh7 14. Qc2 Rac8 15. bxc5 dxc5 16. Nb5 Nf5 17. Bc3 e5 18. a4 Nfd4 19. Qb2 Rfe8 20. Rfd1 Rcd8 21. e3 Ne6 22. a5 e4 23. Ne1 Nb4 24. Bxg7 Nxg7 25. axb6 axb6 26. d4 Qe7 27. d5 Nf5 28. Ra1 Ba6 29. Na3 Nd6 30. Bf1 Bc8 31. Nec2 Bg4 32. Rd2 Nd3 33. Bxd3 exd3 34. Rxd3 Qe4 35. Qc3 Ra8 36. Rd2 Bh3 37. Ne1 Nxc4 38. Rdd1 Ne5 39. Nac2 Rxa1 40. Qxa1 Qc4 0-1

[Event "Landesliga Nord 1718"]
[Site "Bayern"]
[Date "2018.02.04"]
[Round "6.4"]
[White "Braun, Kristin"]
[Black "Bunk, Karsten"]
[Result "1/2-1/2"]
[WhiteElo "1851"]
[BlackElo "2036"]
[PlyCount "24"]
[EventDate "2017.10.22"]
[EventType "team-tourn"]
[EventRounds "9"]
[EventCountry "GER"]
[SourceTitle "EXT 2022"]
[Source "ChessBase"]
[SourceDate "2021.10.06"]
[SourceVersion "1"]
[SourceVersionDate "2021.10.06"]
[SourceQuality "1"]
[WhiteTeam "Forchheim SC II"]
[BlackTeam "Nuernberg Sued SW"]
[WhiteTeamCountry "GER"]
[BlackTeamCountry "GER"]

1. e4 g6 2. d4 Nf6 3. e5 Nh5 4. c4 d6 5. Be2 Ng7 6. f4 h5 7. Nf3 Nf5 8. Nc3 Bg7 9. 0-0 0-0 10. Ne4 c6 11. Neg5 Qb6 12. Kh1 Na6 1/2-1/2

[Event "Zirndorf Cup"]
[Site "Zirndorf"]
[Date "2017.09.02"]
[Round "6"]
[White "Mix, Thomas"]
[Black "Bunk, Karsten"]
[Result "1-0"]
[WhiteElo "1927"]
[BlackElo "2114"]
[PlyCount "53"]
[EventDate "2017.08.30"]
[EventType "swiss"]
[EventRounds "7"]
[EventCountry "GER"]
[SourceTitle "CBM 180 Extra"]
[Source "ChessBase"]
[SourceDate "2017.10.06"]
[SourceVersion "1"]
[SourceVersionDate "2017.10.06"]
[SourceQuality "1"]

1. Nf3 c5 2. e3 b6 3. b3 Nf6 4. Bb2 e6 5. d4 Bb7 6. Nbd2 d5 7. Be2 Nbd7 8. 0-0 Be7 9. c4 0-0 10. cxd5 Nxd5 11. Rc1 Rc8 12. Nc4 b5 13. Nce5 Nxe5 14. Nxe5 f6 15. Nf3 Qb6 16. Bd3 Rfd8 17. Qe2 a6 18. Rfd1 cxd4 19. Nxd4 Bc5 20. Qh5 f5 21. Nxe6 Bxe3 22. Nxd8 Rxd8 23. Qxf5 Qh6 24. fxe3 Qxe3+ 25. Qf2 Qg5 26. Qg3 Qh6 27. Be4 1-0

[Event "Zirndorf Cup"]
[Site "Zirndorf"]
[Date "2017.08.31"]
[Round "3"]
[White "Bunk, Karsten"]
[Black "Seyb, Alexander"]
[Result "1/2-1/2"]
[WhiteElo "2114"]
[BlackElo "2420"]
[PlyCount "119"]
[EventDate "2017.08.30"]
[EventType "swiss"]
[EventRounds "7"]
[EventCountry "GER"]
[SourceTitle "CBM 180 Extra"]
[Source "ChessBase"]
[SourceDate "2017.10.06"]
[SourceVersion "1"]
[SourceVersionDate "2017.10.06"]
[SourceQuality "1"]

1. c4 g6 2. g3 Bg7 3. Bg2 c5 4. Nc3 Nc6 5. Nf3 e6 6. d3 Nge7 7. Bg5 d6 8. 0-0 h6 9. Bd2 0-0 10. Qc1 Kh7 11. a3 b6 12. b4 Rb8 13. b5 Na5 14. Rb1 d5 15. Rd1 d4 16. Na4 Nb7 17. Bf4 Nd6 18. h4 f6 19. e4 e5 20. Bd2 f5 21. Re1 fxe4 22. dxe4 Be6 23. Nb2 Qe8 24. Nh2 Qf7 25. f4 Nxc4 26. Nd3 Nxd2 27. Qxd2 exf4 28. Nxf4 Be5 29. Rf1 Bxf4 30. Rxf4 Qg7 31. Rbf1 Rbd8 32. Ng4 Rxf4 33. Qxf4 Bxg4 34. Qxg4 Qe5 35. Qf3 d3 36. Rd1 d2 37. Kf2 Kg7 38. Qe3 Qb2 39. Bf1 Rd4 40. Qf4 Qc2 41. Qe5+ Kf8 42. Qf6+ Ke8 43. Qh8+ Kf7 44. Qh7+ Ke8 45. Qh8+ Kf7 46. Qh7+ Kf8 47. Qxh6+ Kg8 48. Bh3 Qxe4 49. Rxd2 Rxd2+ 50. Qxd2 Nf5 51. Qd8+ Kg7 52. Qd7+ Kh6 53. Qd2+ Kg7 54. Qd7+ Kf6 55. Qd8+ Qe7 56. Qh8+ Kf7 57. Bxf5 gxf5 58. Qh7+ Ke6 59. Qh6+ Qf6 60. Qe3+ 1/2-1/2

[Event "Landesliga Nord 1617"]
[Site "Bayern"]
[Date "2017.04.02"]
[Round "8.4"]
[White "Bunk, Karsten"]
[Black "Ulusoy, Tolga"]
[Result "1/2-1/2"]
[WhiteElo "2115"]
[BlackElo "2085"]
[PlyCount "95"]
[EventDate "2016.10.16"]
[EventType "team-tourn"]
[EventRounds "9"]
[EventCountry "GER"]
[SourceTitle "EXT 2019"]
[Source "ChessBase"]
[SourceDate "2018.10.10"]
[SourceVersion "1"]
[SourceVersionDate "2018.10.10"]
[SourceQuality "1"]
[WhiteTeam "Nuernberg Sued SW"]
[BlackTeam "Nuernberg NT II"]
[WhiteTeamCountry "GER"]
[BlackTeamCountry "GER"]

1. c4 e5 2. g3 Nf6 3. Bg2 Nc6 4. Nc3 Bb4 5. Nd5 Bc5 6. d3 h6 7. Nf3 d6 8. a3 a5 9. e3 0-0 10. 0-0 Re8 11. b3 e4 12. dxe4 Nxe4 13. Bb2 Bg4 14. h3 Bf5 15. Nd4 Bxd4 16. exd4 Qd7 17. Re1 Ng5 18. Qh5 Rxe1+ 19. Rxe1 Re8 20. Rxe8+ Qxe8 21. Ne3 Be4 22. Qg4 g6 23. Nd5 Bxd5 24. Bxd5 Qe1+ 25. Kg2 Ne7 26. h4 Nxd5 27. hxg5 Qd2 28. cxd5 Qxb2 29. Qc8+ Kh7 30. Qxc7 hxg5 31. Qxf7+ Kh6 32. Qf8+ Kh7 33. Qxd6 Qxd4 34. Qe7+ Kh6 35. d6 Qd5+ 36. Kh2 Qf3 37. Qe3 Qd1 38. Qb6 Qd2 39. Qxb7 Qxf2+ 40. Qg2 Qd4 41. d7 g4 42. Qa8 Qf2+ 43. Qg2 Qd4 44. d8Q Qxd8 45. Qe2 Qd4 46. a4 Kh5 47. Qc2 Qe3 48. Kg2 1/2-1/2

[Event "Landesliga Nord 1617"]
[Site "Bayern"]
[Date "2016.11.20"]
[Round "2.4"]
[White "Wichmann, Adrian"]
[Black "Bunk, Karsten"]
[Result "1/2-1/2"]
[WhiteElo "2004"]
[BlackElo "2115"]
[PlyCount "69"]
[EventDate "2016.10.16"]
[EventType "team-tourn"]
[EventRounds "9"]
[EventCountry "GER"]
[SourceTitle "EXT 2019"]
[Source "ChessBase"]
[SourceDate "2018.10.10"]
[SourceVersion "1"]
[SourceVersionDate "2018.10.10"]
[SourceQuality "1"]
[WhiteTeam "Forchheim II"]
[BlackTeam "Nuernberg Sued SW"]
[WhiteTeamCountry "GER"]
[BlackTeamCountry "GER"]

1. e4 d5 2. exd5 Qxd5 3. Nc3 Qa5 4. d4 c6 5. Nf3 Nf6 6. Bc4 Bf5 7. 0-0 e6 8. Bd2 Bb4 9. Bb3 0-0 10. a3 Bxc3 11. Bxc3 Qc7 12. Qe2 Nbd7 13. Rfd1 Rfe8 14. Ne5 Ne4 15. Nxd7 Nxc3 16. Nf6+ gxf6 17. bxc3 Kh8 18. Qf3 Rg8 19. Re1 Rg6 20. g3 Rag8 21. c4 Bg4 22. Qe3 h5 23. h4 Kh7 24. Kh2 Bf5 25. Rg1 Rg4 26. f4 Qe7 27. c3 e5 28. Bd1 e4 29. Bxg4 Bxg4 30. Rge1 f5 31. d5 c5 32. Rab1 b6 33. Ra1 Qf6 34. Rf1 Qg6 35. Rae1 1/2-1/2

[Event "Pyramiden Franken Cup"]
[Site "Fuerth"]
[Date "2016.09.03"]
[Round "4"]
[White "Loew, Gerald"]
[Black "Bunk, Karsten"]
[Result "1-0"]
[WhiteElo "2241"]
[BlackElo "2093"]
[PlyCount "105"]
[EventDate "2016.09.01"]
[EventType "swiss"]
[EventRounds "7"]
[EventCountry "GER"]
[SourceTitle "CBM 174 Extra"]
[Source "ChessBase"]
[SourceDate "2016.10.10"]
[SourceVersion "1"]
[SourceVersionDate "2016.10.10"]
[SourceQuality "1"]

1. c4 c5 2. g3 Nc6 3. Bg2 g6 4. Nc3 Bg7 5. a3 e6 6. b4 d6 7. Rb1 cxb4 8. axb4 Nge7 9. Nf3 0-0 10. 0-0 Bd7 11. Qb3 Qc7 12. Bb2 Rac8 13. Rfc1 e5 14. Nd5 Qd8 15. b5 Na5 16. Nxe7+ Qxe7 17. Qb4 b6 18. d3 Rc5 19. Nd2 f5 20. Bc3 Bh6 21. Rc2 Be6 22. Qa3 e4 23. Bb4 e3 24. Nf3 exf2+ 25. Kxf2 f4 26. Bxc5 fxg3+ 27. hxg3 dxc5 28. Rh1 Qg5 29. Qc3 Qe3+ 30. Ke1 Bg4 31. Qe5 Rxf3 32. Qxe3 Rxe3 33. Rxh6 Bh5 34. Kf2 Re7 35. g4 Kg7 36. Rxh5 gxh5 37. gxh5 Kh6 38. Bf3 Nb7 39. Bxb7 Rxb7 40. Kf3 Kxh5 41. e3 Rf7+ 42. Ke4 Kh4 43. d4 cxd4 44. exd4 Re7+ 45. Kd5 Kg3 46. c5 bxc5 47. dxc5 Rd7+ 48. Ke6 Rc7 49. c6 h5 50. Kd6 Rg7 51. c7 Rg6+ 52. Kd5 Rg5+ 53. Ke4 1-0

[Event "Landesliga Nord 1516"]
[Site "Bayern"]
[Date "2016.04.10"]
[Round "9.4"]
[White "Pfadenhauer, Johannes"]
[Black "Bunk, Karsten"]
[Result "1-0"]
[WhiteElo "2097"]
[BlackElo "2106"]
[PlyCount "59"]
[EventDate "2015.10.11"]
[EventType "team-tourn"]
[EventRounds "9"]
[EventCountry "GER"]
[SourceTitle "EXT 2018"]
[Source "ChessBase"]
[SourceDate "2017.10.13"]
[SourceVersion "1"]
[SourceVersionDate "2017.10.13"]
[SourceQuality "1"]
[WhiteTeam "Bindlach Aktionaer II"]
[BlackTeam "Nuernberg Sued SW"]
[WhiteTeamCountry "GER"]
[BlackTeamCountry "GER"]

1. Nf3 g6 2. c4 Bg7 3. d4 d6 4. Nc3 e5 5. g3 Nc6 6. dxe5 dxe5 7. Qxd8+ Kxd8 8. Bg5+ f6 9. Rd1+ Bd7 10. Bh3 Nd4 11. Bxd7 fxg5 12. Bh3 g4 13. Bxg4 Nh6 14. Bh3 Ke7 15. Nd5+ Kd6 16. Ng5 Raf8 17. e3 Ndf5 18. 0-0 Nf7 19. c5+ Kxc5 20. Ne6+ Kc6 21. Bxf5 gxf5 22. Nxg7 Nd6 23. Ne6 Rf7 24. Ng5 Rg7 25. Rc1+ Nc4 26. Rfd1 b5 27. Nf3 Kb7 28. b3 Nb2 29. Rd2 Rd8 30. Nxe5 1-0

[Event "Pyramiden Franken Cup"]
[Site "Fuerth"]
[Date "2015.09.04"]
[Round "3"]
[White "Bunk, Karsten"]
[Black "Ott, Florian"]
[Result "0-1"]
[WhiteElo "2090"]
[BlackElo "2273"]
[PlyCount "156"]
[EventDate "2015.09.03"]
[EventType "swiss"]
[EventRounds "7"]
[EventCountry "GER"]
[SourceTitle "EXT 2016"]
[Source "ChessBase"]
[SourceDate "2015.10.08"]
[SourceVersion "1"]
[SourceVersionDate "2015.10.08"]
[SourceQuality "1"]

1. c4 c5 2. g3 Nc6 3. Nc3 g6 4. Bg2 Bg7 5. Nf3 e5 6. 0-0 Nge7 7. Ne1 d6 8. d3 0-0 9. Nc2 a6 10. Ne3 Nd4 11. Ned5 Nxd5 12. Nxd5 Bg4 13. Re1 Rb8 14. h3 Be6 15. e3 Nc6 16. Rb1 b5 17. b3 Ne7 18. Kh2 Nxd5 19. Bxd5 Bxd5 20. cxd5 f5 21. f4 Re8 22. e4 Qd7 23. Bb2 Re7 24. fxe5 Bxe5 25. Bxe5 Rxe5 26. Rb2 Rbe8 27. Rbe2 Qf7 28. Qd2 Qf6 29. Rf2 Qe7 30. Qa5 Rxd5 31. Qxa6 Rxd3 32. Qxb5 Rd4 33. e5 dxe5 34. Rc2 e4 35. Rxc5 Rd2+ 36. Kg1 Red8 37. Qc4+ Qf7 38. Qxf7+ Kxf7 39. g4 Ke6 40. Rc7 Rxa2 41. Rxh7 Rd3 42. b4 Rg3+ 43. Kh1 Rb2 44. Ra1 Ke5 45. gxf5 gxf5 46. Ra5+ Kf4 47. Rh4+ Ke3 48. Rxf5 Rb1+ 49. Kh2 Rbg1 50. Rg4 R1g2+ 51. Kh1 Rg1+ 52. Kh2 R1g2+ 53. Kh1 Rxg4 54. hxg4 Rxg4 55. b5 Rg6 56. Kh2 Ke2 57. Rc5 e3 58. Rc6 Rg5 59. b6 Rb5 60. Kg3 Kd2 61. Rd6+ Ke1 62. Kf3 e2 63. Re6 Rb3+ 64. Ke4 Kd2 65. Kd5 Rxb6 66. Rxb6 e1Q 67. Re6 Qg3 68. Re4 Qg5+ 69. Kd4 Qb5 70. Re5 Qb4+ 71. Kd5 Kd3 72. Re6 Qb5+ 73. Kd6 Kd4 74. Ke7 Kd5 75. Rd6+ Kc5 76. Ke6 Qb3+ 77. Ke7 Qb7+ 78. Ke6 Qe4+ 0-1

[Event "Landesliga Nord 1415"]
[Site "Bayern"]
[Date "2015.03.15"]
[Round "8.5"]
[White "Bunk, Karsten"]
[Black "Wambach, Juergen"]
[Result "1-0"]
[WhiteElo "2106"]
[BlackElo "1922"]
[PlyCount "89"]
[EventDate "2014.10.19"]
[EventType "team-tourn"]
[EventRounds "9"]
[EventCountry "GER"]
[SourceTitle "EXT 2018"]
[Source "ChessBase"]
[SourceDate "2017.10.13"]
[SourceVersion "1"]
[SourceVersionDate "2017.10.13"]
[SourceQuality "1"]
[WhiteTeam "Nuernberg Sued SW"]
[BlackTeam "Klingenberg"]
[WhiteTeamCountry "GER"]
[BlackTeamCountry "GER"]

1. c4 c5 2. Nc3 Nc6 3. g3 g6 4. Bg2 Bg7 5. Nf3 d6 6. 0-0 e6 7. d3 Nge7 8. Bg5 h6 9. Bd2 0-0 10. a3 Rb8 11. Rb1 a6 12. b4 cxb4 13. axb4 b5 14. cxb5 axb5 15. Qc1 Kh7 16. Ne1 Qd7 17. Nc2 Nf5 18. Qa3 d5 19. Rfd1 Nd6 20. Na1 f5 21. Nb3 d4 22. Na2 Bb7 23. Nc5 Qe8 24. Rbc1 Nd8 25. Nxb7 N6xb7 26. Rc7 Nd6 27. Qa7 N8f7 28. Rdc1 Rc8 29. Re7 Rxc1+ 30. Nxc1 Qc8 31. Rc7 Qd8 32. Nb3 Qf6 33. Nc5 Nc8 34. Qb7 Nfd6 35. Qc6 Re8 36. Rxc8 Rxc8 37. Qxd6 e5 38. Qd7 Rb8 39. Bc6 e4 40. Bf4 Rb6 41. Bxb5 exd3 42. exd3 Qf8 43. Bc7 Rf6 44. Bc4 g5 45. Be5 1-0

[Event "Landesliga Nord 1415"]
[Site "Bayern"]
[Date "2015.01.18"]
[Round "5.5"]
[White "Bunk, Karsten"]
[Black "Oechslein, Rainer"]
[Result "1-0"]
[WhiteElo "2106"]
[BlackElo "2156"]
[PlyCount "109"]
[EventDate "2014.10.19"]
[EventType "team-tourn"]
[EventRounds "9"]
[EventCountry "GER"]
[SourceTitle "EXT 2018"]
[Source "ChessBase"]
[SourceDate "2017.10.13"]
[SourceVersion "1"]
[SourceVersionDate "2017.10.13"]
[SourceQuality "1"]
[WhiteTeam "Nuernberg Sued SW"]
[BlackTeam "Schweinfurt"]
[WhiteTeamCountry "GER"]
[BlackTeamCountry "GER"]

1. c4 g6 2. g3 c5 3. Nc3 Bg7 4. Bg2 Nc6 5. Nf3 e6 6. d3 Nge7 7. Bg5 d6 8. a3 Qd7 9. Rb1 b6 10. Ne4 Ng8 11. b4 f5 12. b5 Nd8 13. Ned2 Bb7 14. 0-0 h6 15. Be3 e5 16. Nb3 Ne7 17. a4 Ne6 18. a5 d5 19. a6 Bc8 20. cxd5 Nxd5 21. Nh4 Kf7 22. Qc2 Rb8 23. Qc4 Rd8 24. Bd2 Qd6 25. e4 Ne7 26. d4 cxd4 27. Bb4 Qc7 28. Qd3 Nc5 29. Nxc5 bxc5 30. Rfc1 Be6 31. Bxc5 Rdc8 32. Bh3 Qd7 33. Bxe7 Qxe7 34. Nxg6 Rxc1+ 35. Rxc1 Qg5 36. f4 Qxg6 37. exf5 Bxf5 38. Bxf5 Qb6 39. Qb3+ Kf8 40. Bd3 exf4 41. Rf1 Be5 42. gxf4 Bf6 43. Re1 Qc7 44. Qe6 Qe7 45. Qxe7+ Bxe7 46. Re6 Bc5 47. Rxh6 Kg7 48. Rc6 Bb6 49. Rg6+ Kf7 50. f5 Rc8 51. Kf2 Rc3 52. Ke2 Ra3 53. h4 Ra2+ 54. Kf3 Ra4 55. h5 1-0

[Event "Landesliga Nord 1415"]
[Site "Bayern"]
[Date "2014.11.23"]
[Round "3.5"]
[White "Bunk, Karsten"]
[Black "Kuhn, Norbert"]
[Result "1/2-1/2"]
[WhiteElo "2106"]
[BlackElo "2025"]
[PlyCount "53"]
[EventDate "2014.10.19"]
[EventType "team-tourn"]
[EventRounds "9"]
[EventCountry "GER"]
[SourceTitle "EXT 2018"]
[Source "ChessBase"]
[SourceDate "2017.10.13"]
[SourceVersion "1"]
[SourceVersionDate "2017.10.13"]
[SourceQuality "1"]
[WhiteTeam "Nuernberg Sued SW"]
[BlackTeam "Wuerzburg"]
[WhiteTeamCountry "GER"]
[BlackTeamCountry "GER"]

1. c4 c5 2. g3 g6 3. Bg2 Bg7 4. Nc3 Nc6 5. Nf3 Nf6 6. d4 cxd4 7. Nxd4 0-0 8. 0-0 Nxd4 9. Qxd4 d6 10. Qd2 Rb8 11. Rd1 b6 12. b3 Bb7 13. Bb2 Bxg2 14. Kxg2 Qd7 15. f3 Qb7 16. e4 Rfc8 17. Rac1 a6 18. a4 Rc6 19. Nd5 Nxd5 20. cxd5 Rxc1 21. Rxc1 Bxb2 22. Qxb2 b5 23. a5 Rc8 24. Rc2 Rc5 25. b4 Rc4 26. Qb3 Rc7 27. Rxc7 1/2-1/2

[Event "Forchheim op-A 13th"]
[Site "Forchheim"]
[Date "2014.10.03"]
[Round "1"]
[White "Bunk, Karsten"]
[Black "Kirchhof, Arno"]
[Result "1-0"]
[WhiteElo "2093"]
[BlackElo "2053"]
[PlyCount "51"]
[EventDate "2014.10.03"]
[EventType "swiss"]
[EventRounds "5"]
[EventCountry "GER"]
[SourceTitle "EXT 2019"]
[Source "ChessBase"]
[SourceDate "2018.10.10"]
[SourceVersion "1"]
[SourceVersionDate "2018.10.10"]
[SourceQuality "1"]

1. c4 e6 2. g3 d5 3. Bg2 Nf6 4. Nf3 Be7 5. 0-0 0-0 6. b3 c5 7. Bb2 Nc6 8. cxd5 Nxd5 9. Nc3 Bf6 10. Rc1 Bd7 11. d3 Rc8 12. Qd2 Nxc3 13. Bxc3 Bxc3 14. Qxc3 b6 15. Rfd1 Qe7 16. d4 Nxd4 17. Nxd4 cxd4 18. Qxd4 Rxc1 19. Rxc1 Rc8 20. Rd1 Be8 21. h4 h6 22. Be4 Rc7 23. Qe5 Bc6 24. Rc1 Qa3 25. Rxc6 Rxc6 26. Qb8+ 1-0

[Event "Pyramiden Franken Cup"]
[Site "Fuerth"]
[Date "2014.09.05"]
[Round "3"]
[White "Bitter, Frank"]
[Black "Bunk, Karsten"]
[Result "1-0"]
[WhiteElo "1861"]
[BlackElo "2093"]
[PlyCount "105"]
[EventDate "2014.09.04"]
[EventType "swiss"]
[EventRounds "7"]
[EventCountry "GER"]
[SourceTitle "CBM 162 Extra"]
[Source "ChessBase"]
[SourceDate "2014.10.17"]
[SourceVersion "1"]
[SourceVersionDate "2014.10.17"]
[SourceQuality "1"]

1. d4 g6 2. e4 Bg7 3. Nc3 c5 4. Nge2 b6 5. Be3 d6 6. g3 Bb7 7. Bg2 Nf6 8. h3 Nbd7 9. 0-0 cxd4 10. Nxd4 Nc5 11. f3 0-0 12. Qe2 Qd7 13. Rfd1 Rac8 14. Qf2 Qc7 15. Ncb5 Qb8 16. Nb3 Nfd7 17. Bd4 Bxd4 18. N5xd4 Rfd8 19. c3 a6 20. Nxc5 dxc5 21. Nc2 Ne5 22. Ne3 c4 23. Qe2 b5 24. Rxd8+ Rxd8 25. Rd1 Nd3 26. b3 Qc7 27. bxc4 bxc4 28. Kh2 Bc8 29. Bf1 Be6 30. Qc2 Qc5 31. Ng2 Qh5 32. Nf4 Qxf3 33. Nxd3 cxd3 34. Rxd3 Rxd3 35. Bxd3 a5 36. a3 h5 37. Qe2 Qxe2+ 38. Bxe2 Kf8 39. Bb5 Kg7 40. Kg2 Kf6 41. h4 Ke5 42. Kf3 Kd6 43. Ke3 Kc5 44. Bd3 Bc4 45. Bc2 e5 46. Ba4 Be6 47. Kd3 f6 48. Be8 f5 49. Bxg6 f4 50. gxf4 exf4 51. Bxh5 Bc4+ 52. Kd2 Kd6 53. Be2 1-0